000 00676nam a2200289Ia 4500
005 20260324141445.0
008 008 260324s9999 xx 000 0 eng d
020 _a9781315811390
037 _aEBOOK
040 _aCRL
040 _beng
040 _cCRL
041 _2eng
041 _aeng
084 _qCRL
100 _aMyra Jehlen; Michael Warner
_91208255
245 4 _aThe English Literatures of America
245 0 _b1500-1800
260 _bTaylor and Francis
260 _c1997
365 _a
365 _b230
856 _uhttp://www.taylorfrancis.com/books/9781315811390
942 _cEBOOK
999 _c1811379
_d1811379